000 01428nam a22004217a 4500
003 OSt
005 20230524100025.0
008 221006b |||||||| |||| 00| 0 eng d
040 _cBiblioteca Lado V
082 _a700
_bA786l
110 _9830
_aARTEDER
_eEditor
245 _aLAPIZ/
_bRevista Mensual de Arte/
260 _bFeria internacional de Bilbao
_c1989
_aEspaƱa
300 _c22x29cm
_a98p.
366 _espa
490 _a60
_vVI
505 _aDe la critica
505 _aNeoapocalipticos y neointegrados
505 _aCuando el arte engulle a la fotografia
505 _aSean Scully
505 _aEntrevista con Nil Yalter
505 _aGran fiesta Latinoamericana
505 _aAna Mendieta
505 _aJorge Rueda
505 _aFotografia
505 _aCronicas de exposiciones
505 _aSuplemento
650 _2Tesauro de Arte & Arquitectura
_aARTE
_9703
650 _2Tesauro de Arte & Arquitectura
_aARQUITECTURA
650 _2Tesauro de Arte & Arquitectura
_aFOTOGRAFIA
_9702
650 _2Tesauro de Arte & Arquitectura
_aENTREVISTAS
650 _2Tesauro de Arte & Arquitectura
_aARQUEOLOGIA
650 _2Tesauro de Arte & Arquitectura
_aREPORTAJES
650 _2Tesauro de Arte & Arquitectura
_aLIBROS
650 _2Tesauro de Arte & Arquitectura
_aNOTICIAS
651 _2Tesauro de Arte & Arquitectura
_aSUBASTAS
942 _2ddc
_c1
_h700
_iA786l
_n0
999 _c3689
_d3689